Departments of the Duchy of Warsaw in 1810 on a Map - Statistics

General Stats
  • This quiz has been taken 98 times
  • The average score is 6 of 10
Answers on the Map
Answers color-coded by a green-red scale on the quiz's map according to % correct below.
 
Answer Stats
Answer % Correct
Warsaw
99%
Kraków
87%
Poznań
84%
Lublin
79%
Radom
55%
Bydgoszcz
52%
Płock
51%
Kalisz
34%
Siedlce
31%
Łomża
30%
No matching quizzes found
Score Distribution
Percent of People with Each Score
Percentile by Number Answered
Your Score History
You have not taken this quiz